Indian Ocean Countries and Territories by Flag - Statistics

General Stats
  • This quiz has been taken 53 times
  • The average score is 39 of 42
Answer Stats
Picture Hint Answer % Correct
Mainland Country Australia
100%
Island Country Bahrain
100%
Mainland Country Bangladesh
100%
Mainland Country Egypt
98%
Mainland Country India
98%
Island Country Indonesia
96%
Mainland Country Iraq
96%
Mainland Country Israel
96%
Island Country Madagascar
96%
Mainland/Island Country Malaysia
96%
Mainland Country Oman
96%
Mainland Country Pakistan
96%
Mainland Country Qatar
96%
Mainland Country Saudi Arabia
96%
Island Country Seychelles
96%
Mainland Country Somalia
96%
Mainland Country South Africa
96%
Island Country Sri Lanka
96%
Mainland Country Tanzania
96%
Island Country Comoros
93%
Mainland Country Djibouti
93%
Island Country East Timor
93%
Mainland Country Eritrea
93%
Mainland Country Iran
93%
Mainland Country Kenya
93%
Mainland Country Kuwait
93%
Island Country Maldives
93%
Island Country Mauritius
93%
Mainland Country Mozambique
93%
Mainland Country Myanmar
93%
Island Country Singapore
93%
Mainland Country Thailand
93%
Mainland Country United Arab Emirates
93%
Mainland Country Jordan
91%
Mainland Country Sudan
91%
Mainland Country Yemen
91%
Australian External Territory Christmas Island
83%
Australian External Territory Cocos (Keeling) Islands
78%
French Overseas Department Mayotte
76%
Disputed Territory Somaliland
76%
French Overseas Department Réunion
72%
Non-contiguous Indian Union Territory Andaman and Nicobar Islands
57%
No matching quizzes found
Score Distribution
Percent of People with Each Score
Percentile by Number Answered
Your Score History
You have not taken this quiz